A Gentleman in Moscow (Record no. 9322)

MARC details
000 -LEADER
fixed length control field 00372nam a22001457a 4500
008 - FIXED-LENGTH DATA ELEMENTS--GENERAL INFORMATION
fixed length control field 230227b |||||||| |||| 00| 0 eng d
020 ## - INTERNATIONAL STANDARD BOOK NUMBER
International Standard Book Number 978-0-09-955878-1
082 ## - DEWEY DECIMAL CLASSIFICATION NUMBER
Classification number 813.54
100 ## - MAIN ENTRY--PERSONAL NAME
Personal name Amor Towles
245 ## - TITLE STATEMENT
Title A Gentleman in Moscow
Statement of responsibility, etc. Amor Towles
260 ## - PUBLICATION, DISTRIBUTION, ETC.
Name of publisher, distributor, etc. Windmill
Date of publication, distribution, etc. 2016
300 ## - PHYSICAL DESCRIPTION
Extent 462 p.
Dimensions 19.7 cm
942 ## - Added entry Elements (Koha)
Source of classification or shelving scheme Dewey Decimal Classification
Holdings
Withdrawn status Lost status Source of classification or shelving scheme Damaged status Not for loan Collection code Home library Current library Shelving location Date acquired Serial Enumeration / chronology Total Checkouts Total Renewals Full call number Barcode Date last seen Date last checked out Price effective from Koha item type
    Dewey Decimal Classification     Fiction RTC Library GELEPHU Fiction 27/02/2023 177115 1 2 FIC 813.54 TOW 30018090 19/09/2023 19/04/2023 27/02/2023 Fiction
Royal Thimphu College || All Right Reserved